| 000 | 00813nam a2200265 a 4500 | ||
|---|---|---|---|
| 001 | BRCA_8130 | ||
| 005 | 20190320210138.0 | ||
| 008 | 110414s1962----nyua###f##---#001-0#eng-# | ||
| 041 | _aeng | ||
| 044 | _anyu | ||
| 050 | 4 |
_aQH359 _b.EV93 _c1962 |
|
| 100 | 1 |
_aMoore, Ruth _920245 |
|
| 245 | 1 | 0 |
_aEvolution _cBy Ruth Moore and the editors of Life. |
| 260 |
_aNew York _bStonehenge Book _c1962 |
||
| 300 |
_a192 p. _bil. (algunas a color) _c28 cm. |
||
| 440 | 0 |
_aLife nature library _919289 |
|
| 500 | _aY208 | ||
| 600 | 1 | 4 |
_aDarwin, Charles _d1809-1882 _zInglaterra _920246 |
| 650 | 1 | 4 |
_aEvolución _vTeoría _920247 |
| 650 | 1 | 4 |
_aEvolución _vOrigen de las especies _920248 |
| 650 | 1 | 4 |
_aEvolución _vAnimales y plantas _920249 |
| 710 | 2 |
_aLife International Publication _920250 |
|
| 902 | _aGFM | ||
| 942 |
_2lcc _cB |
||
| 999 |
_c7798 _d7798 |
||